[Event "Bazna Kings 5th"]
[Site "Medias"]
[Date "2011.06.11"]
[Round "1"]
[White "Carlsen, Magnus"]
[Black "Nakamura, Hikaru"]
[Result "1-0"]
[WhiteElo "2815"]
[BlackElo "2774"]
[Annotator "Rogozenco,Dorian"]
[PlyCount "76"]
[EventDate "2011.06.11"]
[EventType "tourn"]
[EventRounds "10"]
[EventCountry "ROU"]
[EventCategory "21"]
[SourceTitle "CBM 143"]
[Source "ChessBase"]
[SourceDate "2011.07.15"]
[SourceVersion "1"]
[SourceVersionDate "2011.07.15"]
[SourceQuality "1"]

1. d4 d5 2. c4 e6 3. Nc3 Be7 {The Queen's Gambit Declined became fashionable again on the very top level thanks to the Candidates matches in Kazan, where Black was able to neutralise White's opening advantage. Carlsen was happy that he found a way to break through this rock solid classical opening.} 4. cxd5 exd5 5. Bf4 c6 6. Qc2 {This is a popular move order: White prevents his opponent from developing the bishop on f5. Recently Nakamura himself played this move against Ponomariov.} Bg4 {[%cal Gg4h5,Gh5g6] A rare move. Black insists on transferring the bishop to the diagonal b1-h7. Magnus Carlsen admitted after the game that the move was new to him.} (6... Bd6 7. Bxd6 Qxd6 8. e3 Qg6 9. Qxg6 hxg6 10. b4 a6 11. f3 Nd7 12. Bd3 Ne7 13. Nge2 g5 14. Kf2 Nf6 15. g4 Kd8 16. Kg3 Bd7 17. a4 Nc8 18. h3 Re8 19. Kf2 Nd6 20. a5 Re7 21. Rac1 Nfe8 22. Ng3 g6 23. h4 {and the American converted his advantage into a full point in the game Nakamura,H (2774)-Ponomariov,R (2754)/Saint Louis 2011}) 7. e3 Bh5 8. Bd3 Bg6 9. Bxg6 $1 {An important change of structure for the strategy of White, who will be able to open the h-file later on. From this point of view the similarity with the aforementioned game is amazing.} hxg6 10. O-O-O Nf6 11. f3 $1 {[%cal Ge3e4] #} Nbd7 12. Nge2 ({The immediate} 12. e4 {runs into} Nh5 {and White can't keep the bishop} 13. Be3 {due to} Ng3 $1) ({RR} 12. g4 Nb6 13. Nge2 Bd6 14. h3 Bxf4 15. Nxf4 Qe7 16. e4 dxe4 17. fxe4 O-O-O 18. b3 Kb8 19. Kb1 Ne8 20. Qh2 Nc7 21. Nfe2 Ka8 22. Rd3 Rd7 23. Rhd1 Rhd8 24. Qg3 g5 25. Qf3 f6 26. Kc2 Na6 {Salgado Lopez,I (2623)-Berkes,F (2693) Paks 2011 0-1 (118)}) 12... b5 $146 {Nakamura's desire to postpone short castling is understandable, since then at some moment White will start advancing the h-pawn. However, Black's problem is that sooner or later he will have to hide the king anyway, since White's play in the centre is simple and clear.} ({RR} 12... Nh5 13. Be5 Nxe5 14. dxe5 Bc5 15. Nd4 Bxd4 16. exd4 Qg5+ 17. Kb1 Nf4 18. g3 Ne6 19. Ka1 Qf5 20. Qe2 O-O-O 21. b4 Kb8 22. b5 c5 23. dxc5 d4 24. Ne4 Qxe5 25. Qb2 Nxc5 26. Nxc5 Qxc5 27. Rd3 {Luukkonen,T (2348)-Keinanen,T (2297) Finland 2017 0-1 (45)}) ({RR} 12... Nb6 13. Kb1 Nh5 14. e4 Nxf4 15. Nxf4 Qc7 16. Ncxd5 Nxd5 17. Nxd5 Qd6 18. Ne3 Qf4 19. Qb3 Qc7 20. e5 Qb6 21. Qd3 Rd8 22. f4 Bc5 23. Nc2 Be7 24. g4 a6 25. f5 Qb5 26. Qg3 Qd5 27. Rhf1 {Zhao,X (2556)-Mkrtchian,L (2450) Jermuk 2012 1-0 (35)}) 13. e4 b4 14. Na4 dxe4 15. fxe4 Qa5 16. Kb1 ({Carlsen wasn't satisfied with the alternative} 16. e5 Nd5 17. e6 fxe6 18. Qxc6 Kf7 19. Qxd7 Rhd8 {where} 20. Qc6 {runs into} Rac8) 16... O-O {So finally Black could not avoid the inevitable castling..} 17. h4 $1 {And the reaction is very natural: White plans e4-e5 followed by h4-h5.} Rfe8 18. e5 Nd5 19. h5 g5 {The position is highly complicated, but Carlsen rightly felt that White's attacking prospetcs should be higher.} 20. h6 g6 21. Bc1 {[%csl Ra4,Gc5] Black has a much weaker king and a worse pawn structure. White's only problem is his badly placed knight on a4.} ({The variation preferred by the computer} 21. e6 gxf4 22. exd7 Red8 23. Qxc6 Ne3 24. Nc5 Nxd1 25. Rxd1 {with advantage for White would always appear unclear for a human in a practical game.}) 21... N7b6 {A bad decision, allowing White to place the knight on c5.} (21... N5b6 {was preferable, after which Black can still fight on, although his position remains worse anyway.}) 22. Nc5 Bxc5 23. dxc5 b3 (23... Nd7 24. e6 $1 Rxe6 25. Nd4 {with the idea} Ree8 26. Nxc6 Qxc5 27. Qxc5 Nxc5 28. Rxd5 {wins a piece for White.}) 24. Qxb3 Qxc5 25. Nd4 Rxe5 26. Nf3 Re2 $2 {The second mistake, after which it is hardly possible to save Black's position any longer. The rook is seemingly active, but in many variations it is unstable and it needs protection on e2.} (26... Rf5 {was the right way to put up resistance. It must be said that Nakamura was already starting to experience problems with time.}) 27. Nxg5 Qe7 28. Qd3 $1 {[%csl Rg6][%cal Gg5f7,Gd1f1]} Rf8 29. Rdf1 f5 (29... f6 30. Re1 $1 Rxe1 31. Rxe1 Qxe1 32. Qxg6+ {and mate}) 30. g4 Na4 31. Qd4 (31. gxf5 {wins quicker, but Magnus admitted that he missed something after Black's answer.}) 31... Qe5 $1 {Being short of time Nakamura finds interesting tactical ideas. Unfortunately for him Black's position is just too bad and White still has ways to keep the decisive advantage.} 32. Qxe5 $1 (32. Qxa4 {suddently runs into} Nc3+ $1 33. bxc3 Rb8+ {and White must give up his queen:} 34. Qb4 Rxb4+ 35. cxb4 Qd5 $1 {The move missed by Carlsen when he played 31.Qd4. Black is not worse.}) 32... Rxe5 33. gxf5 gxf5 34. Nf3 {[%csl Rg8][%cal Gf1g1,Gg1g7,Gf3g5] Even in an endgame the vulnerability of his king is fatal for Black.} Re7 ({Or} 34... Re6 35. h7+ Kh8 36. Bh6 Rb8 37. Rfg1 {winning}) 35. Rfg1+ Kh7 (35... Kh8 36. Nh4) 36. Rg7+ $1 Kh8 (36... Rxg7 37. hxg7+ Kxg7 38. Bh6+) 37. Rhg1 Rfe8 38. Nh4 Rxg7 {and without awaiting the opponent's answer Nakamura resigned. Both 39.hxg7+ and 39.xg7 win easily for White.} 1-0

[Event "Poikovsky Karpov 03rd"]
[Site "Poikovsky"]
[Date "2002.04.21"]
[Round "6"]
[White "Dreev, Alexey"]
[Black "Vaganian, Rafael A"]
[Result "1/2-1/2"]
[WhiteElo "2677"]
[BlackElo "2664"]
[Annotator "Dautov,Rustem"]
[PlyCount "116"]
[EventDate "2002.04.16"]
[EventType "tourn"]
[EventRounds "9"]
[EventCountry "RUS"]
[EventCategory "16"]
[SourceTitle "CBM 089"]
[Source "ChessBase"]
[SourceDate "2002.08.12"]
[SourceVersion "1"]
[SourceVersionDate "2002.08.12"]
[SourceQuality "1"]

1. d4 d5 2. c4 e6 3. Nc3 Be7 4. cxd5 exd5 5. Bf4 c6 6. Qc2 Bd6 7. Bxd6 ({Mehr verbreitet ist} 7. Bg3 Ne7 8. e3 Bf5 9. Qb3 {Tauscht Schwarz irgendwann auf g3, kann Weiß die halboffene h-Linie nützen.}) 7... Qxd6 8. e3 Qg6 9. Qd2 ({RR} 9. Qxg6 hxg6 10. b4 a6 11. f3 Nd7 12. Bd3 Ne7 13. Nge2 g5 14. Kf2 Nf6 15. g4 Kd8 16. Kg3 Bd7 17. a4 Nc8 18. h3 Re8 19. Kf2 Nd6 20. a5 Re7 21. Rac1 Nfe8 22. Ng3 g6 23. h4 gxh4 {Nakamura,H (2774)-Ponomariov,R (2754) Saint Louis 2011 1-0 (44)}) ({RR} 9. Qxg6 hxg6 10. Bd3 Bf5 11. Bxf5 gxf5 12. Nf3 Nd7 13. Ke2 Ngf6 14. b4 Ne4 15. Rac1 O-O 16. Nd2 Ndf6 17. Ndxe4 Nxe4 18. Nxe4 fxe4 19. Rc5 a6 20. Rhc1 f5 21. g3 g5 22. a4 f4 23. gxf4 gxf4 {Alexandri,V (1672)-Athanasiou,S (1606) Nikaia GRE 2023 1-0 (55)}) ({RR} 9. Qb3 Nd7 10. Nf3 Ne7 11. Qa3 Nb6 12. b3 Qf6 13. e4 Bg4 14. Ne5 Bh5 15. Bd3 Nd7 16. Nxd7 Qxd4 17. Qc5 Qxd3 18. Ne5 Qa6 19. g4 Bg6 20. exd5 cxd5 21. f4 Rc8 22. Qb5+ Qxb5 23. Nxb5 O-O {Dreev,A (2677)-Rudolf,A (2325) Helsingor 2012 1-0 (48)}) 9... Ne7 10. Nge2 Qd6 $146 {Der Zweck dieser Neuerung ist den c8 gegen den weißen Springer zu tauschen.} (10... O-O 11. Ng3 Qd6 (11... Nd7 12. Bd3 Qh6 13. O-O Nf6 14. b4 $14 {Azmaiparashvili,Z-Gomez Esteban,J/Toledo 1991}) 12. Bd3 Be6 13. O-O Nd7 14. Rad1 f5 15. Nh5 Bf7 16. Nf4 Nf6 17. f3 g5 18. Nh3 h6 19. Bb1 Rae8 20. Nf2 Be6 21. e4 Nh5 22. e5 Qd7 23. g3 Kf7 24. b4 $16 {Azmaiparashvili,Z-Petrosian,A/Yerevan 1989}) ({In Frage kam} 10... Qf6 $5 {, mit der gleichen Idee, wobei der schwarze Springer das schöne Feld d6 bekäme:} 11. Ng3 Bf5 12. Nxf5 Nxf5 13. Bd3 Nd6) 11. Ng3 Bf5 $146 ({RR} 11... Be6 12. Bd3 Nd7 13. O-O O-O 14. Rac1 Rad8 15. Na4 Rfe8 16. b4 b6 17. a3 Nf6 18. f3 Bd7 19. Rc3 h5 20. Rfc1 g6 21. Bb1 Qe6 22. Nb2 Nc8 23. Ba2 h4 24. Nf1 Nd6 25. a4 h3 26. Nd3 {Sandic,V (2360)-Savicevic,V (2350) Ulcinj 1997 1-0 (42)}) ({RR} 11... O-O 12. Bd3 Nd7 13. O-O Nf6 14. f3 Rd8 15. Rad1 c5 16. dxc5 Qxc5 17. Bc2 Bd7 18. Rfe1 Qb6 19. Nge2 Be6 20. Nd4 Nc6 21. Qf2 Rac8 22. Bb3 Na5 23. Re2 Nxb3 24. Nxb3 Re8 25. Qh4 h6 26. Qd4 {Markus,R (2662)-Iordachescu,V (2584) Baku 2016 ½-½ (53)}) 12. Nxf5 (12. Bd3 Bxd3 13. Qxd3 Nd7 $11) 12... Nxf5 13. Bd3 Ne7 14. b4 a6 15. Na4 $14 O-O 16. O-O f5 17. Qc3 (17. Nc5 b6 18. Nb3 Nd7 19. a4 $14) 17... Nd7 18. Nc5 Nxc5 19. Qxc5 ({Oder} 19. bxc5 Qd7 20. Rab1 Rac8 21. Rb4 Rc7 22. Rfb1 Rf7 23. Qb2 Ng6 $14 {, und Schwarz ist imstande seine einzige Schwäche b7 zu verteidigen.}) 19... Qd7 (19... Qxc5 20. bxc5 $14 {Im Endspiel hätte Dreev mehr Chancen, seinen Vorteil zu vergrößern (Ideen f3,e4 oder h3, g4).}) 20. a4 Rac8 21. Rfd1 f4 {Vaganian strebt nach Gegenspiel, überläßt aber dabei dem Gegner die offene e-Linie.} 22. exf4 Rxf4 23. g3 Rf6 24. Qc2 Rcf8 25. Rf1 h5 (25... Qh3 26. Rae1 Nf5 27. Bxf5 Rxf5 28. Re7 $14) 26. Rae1 Nf5 27. Bxf5 Qxf5 {Im entstehenden Turmendspiel wird Schwarz sehr lange gequält, kann aber letztendlich die Stellung halten.} ({Chancenreicher für ihn war m.E.} 27... Rxf5 28. f4 h4 29. Re5 $14) 28. Qxf5 Rxf5 29. f4 h4 30. Re6 (30. a5 $5 hxg3 31. hxg3 g5 32. Re5 $14) 30... hxg3 31. hxg3 R5f6 32. Re5 a5 $1 33. bxa5 Ra8 34. Rb1 Rf7 35. Kf2 g6 36. Kf3 Rxa5 37. Rb4 Ra8 38. Kg4 Kg7 39. Kg5 Rd8 40. Rb3 Rd6 41. a5 Rdf6 42. Rbe3 Rf5+ 43. Rxf5 Rxf5+ 44. Kg4 Rf7 45. Re6 Kh7 46. Re5 Kh6 47. Kh4 Rd7 48. Re6 Rf7 49. Kg4 Kh7 50. Kf3 Rc7 51. Ke3 Kg7 52. Kd3 Kf7 53. Re1 Rc8 54. Kc3 Ra8 55. Kb4 Ra6 56. g4 Ra8 57. g5 Ra6 58. Re5 Ra8 1/2-1/2

[Event "Olympiad-40"]
[Site "Istanbul"]
[Date "2012.09.06"]
[Round "9.3"]
[White "Fridman, Daniel"]
[Black "Sargissian, Gabriel"]
[Result "1-0"]
[WhiteElo "2653"]
[BlackElo "2693"]
[Annotator "Fridman,Daniel"]
[PlyCount "91"]
[EventDate "2012.08.28"]
[EventType "team-swiss"]
[EventRounds "11"]
[EventCountry "TUR"]
[SourceTitle "CBM 151"]
[Source "ChessBase"]
[SourceDate "2012.11.13"]
[SourceVersion "1"]
[SourceVersionDate "2012.11.13"]
[SourceQuality "1"]
[WhiteTeam "Germany"]
[BlackTeam "Armenia"]
[WhiteTeamCountry "GER"]
[BlackTeamCountry "ARM"]

1. d4 d5 2. c4 e6 3. Nc3 Be7 4. cxd5 exd5 5. Bf4 c6 {Eine andere populäre Fortsetzung ist 5...f6, was ich auch selbst als Schwarzer öfters gespielt habe.} 6. Qc2 {Weiß versucht Schwarz an ...f5 zu hindern. Eine andere Möglichkeit ist 6.e3.} Nf6 (6... Bd6) (6... g6) (6... Bg4 $5) 7. e3 {Seit 2011 wird öfters 7.h3 mit der Idee den Läufer f4 auf h2 zu verstecken gespielt.} Nh5 8. Be5 (8. Bg3) 8... Nd7 9. Be2 Nhf6 {Das kam unerwartet. Meine Vorbereitung galt der schärferen Fortsetzung 9...xe5 10.dxe5 g6 wie schon Sargissians Schützling Aronian gegen Grischuk gespielt hat. Der Zug ist natürlich sehr logisch. Man will auf e5 tauschen ohne den Springer auf h5 zu "vergessen".} ({RR} 9... Nxe5 10. dxe5 g6 11. Bxh5 gxh5 12. Nf3 f6 13. e4 d4 14. exf6 Bxf6 15. O-O-O O-O 16. Ne2 c5 17. Qxc5 Be6 18. Kb1 Rc8 19. Qa3 Rc4 20. Nf4 Bf7 21. Nd3 Qb6 22. e5 Bg7 23. Ka1 Rfc8 24. Qd6 {Sarana,A (2668)-Movahed,S (2597) chess.com INT 2026 0-1 (40)}) ({RR} 9... Nxe5 10. dxe5 g6 11. Bxh5 gxh5 12. Nf3 f6 13. O-O Bg4 14. exf6 Bxf6 15. Nd4 O-O 16. f3 Bd7 17. Rad1 Rc8 18. Rfe1 Bg7 19. e4 c5 20. Nf5 Bxf5 21. exf5 d4 22. Qe4 Qd7 23. g4 Rfe8 24. Qd5+ {Arizmendi Martinez,J (2568)-Sargissian,G (2671) Porto Carras 2011 0-1 (36)}) 10. Bg3 {Etwas besser wäre wahrscheinlich 10.f4, damit nach späterem ...e4 der Läufer nicht hängt.} (10. Nf3 $5 O-O 11. O-O Nxe5 12. dxe5 Nd7) 10... O-O 11. h3 $146 {Langsam gespielt. Ich habe einfach Sargissians nächsten offensichtlichen Zug übersehen. Ich wollte nicht 11.f3 spielen wegen ...h5. In dem Fall sollte ich lieber meinen Läufer auf e5 stehen lassen. 11.h3!? war eine interessante Option.} (11. Bd3 g6 12. h3) ({RR} 11. Nf3 Nh5 12. Be5 Nxe5 13. Nxe5 Nf6 14. O-O Bd6 15. f4 Re8 16. Bd3 h6 17. Rae1 Nd7 18. Rf3 Nf8 19. Rg3 Qe7 20. Qf2 f6 21. Ng6 Nxg6 22. Bxg6 Rf8 23. e4 dxe4 24. Rxe4 Qc7 25. Rge3 Bd7 {Giri,A (2745)-Tang,A (2502) chess.com INT 2024 1-0 (47)}) ({RR} 11. Nf3 Nh5 12. Be5 Nxe5 13. Nxe5 Nf6 14. O-O Bd6 15. f4 Re8 16. Bd3 h6 17. Rae1 Nd7 18. Rf3 Nf8 19. Rg3 Qe7 20. Qf2 f6 21. Ng6 Nxg6 22. Bxg6 Rf8 23. e4 dxe4 24. Rxe4 Qc7 25. Rge3 Bd7 {Giri,A (2745)-Tang,A (2502) chess.com INT 2024 1-0 (47)}) 11... Qa5 $1 {Jetzt droht schon ...e4 und ...b4. Auch ...c5 steht auf der Tagesordnung.} 12. Bh4 (12. Bd3 c5 13. dxc5 Nxc5 14. Nge2 Nfe4 15. O-O Nxd3 16. Qxd3 Nxg3 17. Nxg3 $11) 12... Bb4 {Viel energischer war 12...b5!?. Schwarz versucht die weiße Unterentwicklung auszunutzen. Weiß muss dann sehr genau spielen, um nicht in Schwierigkeiten zu geraten.} (12... b5 $5 13. a3 $1 b4 14. Qa4 $8 Qxa4 15. Nxa4 Bd6 16. Bxf6 Nxf6 17. Nf3 $11) 13. Bd3 c5 14. dxc5 (14. Nge2 c4 15. Bf5 {Ich glaubte, hier entsteht eine für Schwarz günstige Stellung aus dem Ragozin.}) 14... Bxc3+ {Während der Partie schätzte ich 14...e4 als gefährlicher ein.} (14... Ne4 15. Nge2 Ndxc5 16. O-O Nxd3 (16... Bf5 17. a3 $1 Bxc3 18. Nxc3 Nxd3 19. Qxd3 Ng3 20. e4 $1 Nxe4 21. Nxd5 $14) 17. Qxd3 Bxc3 18. Nxc3 Nxc3 19. Qxc3 Qxc3 20. bxc3 $11 {führt zum Remis.}) 15. Qxc3 Qxc3+ 16. bxc3 Nxc5 17. Bc2 Nce4 (17... Nfe4 $6 18. f3 $1 Nxc3 19. Be7 $14 b6 $1 20. Bxf8 (20. Kd2 Re8 21. Bxc5 bxc5 22. Kxc3 Rxe3+ 23. Kd2 d4) 20... Kxf8 21. Ne2) 18. Ne2 {Die Stellung ist ausgeglichen, aber ich glaube es ist einfacher für Weiß zu spielen.} g5 (18... Bd7 19. f3 g5 20. Bxe4 gxh4 21. Bd3) (18... Re8 19. f3 g5 20. Bf2 Nxf2 21. Kxf2) 19. Bg3 Re8 {Nach 19...xg3 20.xg3 d7 gleichen sich die strukturellen Schwächen mehr oder weniger aus.} (19... Bf5 $6 20. Be5 $1 $14) (19... Nxg3 20. Nxg3 Bd7 21. h4 g4 22. O-O-O Rfc8 23. Kb2 Rc5 24. Rd4 Rac8 25. Rc1 Kg7 26. Bd3) 20. Bh2 b6 $6 {Ich dachte dass 20...f5 notwendig und stark ist.} (20... Bf5 $1 21. f3 Ng3 22. Bxg3 Bxc2 23. Kd2 Bg6) 21. f3 {Jetzt kann ich mein Läuferpaar behalten und stehe leicht besser.} Nc5 22. Kd2 Nb7 {Schwarz führt den Springer über a5 auf c4.} 23. Nd4 Na5 24. Bd3 Bd7 (24... Nc4+ 25. Bxc4 dxc4 26. e4 $14) 25. Nb3 {Ein sehr interessanter Moment in der Partie. Früher oder später muss Schwarz ...c4 spielen. Ich konnte leider keinen nützlichen abwartenden Zug finden. Deswegen habe ich mich entschieden, den Springer von a5 zu verjagen.} Nc6 $6 {25...xb3 kam für Schwarz nicht in Frage, aber 25...c4+ wäre doch besser als der Partiezug gewesen.} (25... Nc4+ 26. Bxc4 dxc4 27. Nd4 Ba4) 26. a4 $36 {Jetzt ergreift Weiß die Initiative auch auf dem Damenflügel.} Be6 (26... Ne5 $5 27. Bxe5 Rxe5 28. Nd4 $14) 27. Bb5 Bd7 28. Bd3 Be6 29. Rhb1 h6 30. Bb5 (30. a5 $1 {wäre genauer gewesen.}) 30... Bd7 31. a5 Nxa5 32. Nxa5 bxa5 33. Rxa5 Bxb5 34. Rbxb5 {Hier habe ich die Idee der Verteidigung mit ...a6 ...e6 übersehen, aber es ändert nichts.} Re6 (34... a6 35. Rb7 Re6 36. Bb8 {Der weiße Plan ist derselbe - den Läufer auf d4 bringen.}) 35. Rb8+ $1 Rxb8 36. Bxb8 a6 37. Ba7 Kf8 38. Bd4 Ke7 39. Bxf6+ {Man könnte damit abwarten und irgendeinen nützlichen Zug machen, aber es läuft auf dasselbe hinaus.} Rxf6 40. Rxd5 Rd6 $2 {Ein grober Einsteller, aber ich denke dass Turmendspiel mit Minusbauern ist auch aussichtslos.} (40... Rb6 41. Kc2 f6 42. e4) 41. Rxd6 Kxd6 42. f4 gxf4 43. exf4 Kd5 44. Kd3 a5 45. g4 a4 46. g5 1-0